Čísla pro každého 1983

Gespeichert in:
Bibliographische Detailangaben
Format: Buch
Sprache:Tschechisch
Veröffentlicht: Praha Státní nakladatelství technické literatury 1983
Tags: Tag hinzufügen
Keine Tags, Fügen Sie das erste Tag hinzu!

MARC

LEADER 00000nam a2200000 4500
001 c132484
005 20250520072352.2
041 0 |a cze 
044 |a CZ 
245 1 0 |a Čísla pro každého 1983 
264 1 |a Praha  |b Státní nakladatelství technické literatury  |c 1983 
300 |a 285 s.